000 01596nam a2200469 i 4500
001 26590
003 KOSZ 005
005 20200513102205.0
008 031021s1974 pl a f |000 0 pol
015 _aUWD 1975/4968
035 _a991021784029705066
035 _a(PL-WaBN)b1588577x-48omnis_nlop
035 _ab1588577x
035 _a(OCoLC)830526833
035 _a(PL)b0000001588577
035 _a(EXLNZ-48OMNIS_NETWORK)9910426869905606
040 _aWA N
_cWA N
_dKOSZ 005/EG
041 1 _apol
_heng
080 _a517
080 _a519.863
100 1 _aLuenberger, David G.
_d(1937- )
_eAutor
245 1 0 _aTeoria optymalizacji /
_cDawid G. Luenberger ; [z ang. tł. Alicja Maria Derkowska].
246 1 _iTyt. oryg.:
_aOptimization by vector space methods,
_f1974
260 _aWarszawa :
_bPańst. Wydaw. Naukowe,
_c1974.
300 _a427, [1] s. :
_bil., tab., wykr. ;
_c24 cm.
336 _aTekst
_btxt
_2rdacontent
337 _aBez urządzenia pośredniczącego
_bn
_2rdamedia
338 _aWolumin
_bnc
_2rdacarrier
380 _aKsiążki
388 _a1901-2000
388 _a1945-1989
490 1 _aBNI Biblioteka Naukowa Inżyniera
504 _aBibliogr.
650 7 _aOptymalizacja
_2DBN
658 _aMatematyka
700 1 _aDerkowska, Alicja
_eTłumaczenie
710 2 _aPaństwowe Wydawnictwo Naukowe
830 0 _aBNI Biblioteka Naukowa Inżyniera
856 _uhttp://koha.tu.koszalin.pl/cgi-bin/koha/opac-detail.pl?biblionumber=26590
_yKatalog online BPK
942 _2UKD
_cKS
999 _c26590
_d26590